01110nam a2200217 a 450000100060000000300080000600500170001400800410003103500190007204000260009104100080011708200250012510000100015024500870016026000420024730000190028950505140030865000260082270000270084870000170087554929BD-RjUL20211209080206.0161112r19521925enk||||| |||| 00| 0 eng d a(BD-RjUL)55051 aBD-RjULbengcBD-RjUL aeng 223 a184 bPAP 1952  aPlato10aPlato : bwith an English translation / cPlato, Harold North Fowler; W R M Lamb;  aLondon :b W. Heinemann, c1914-1955. aV. ; c17 cm. 0 a V. 1. Euthyphro. Apology. Crito. Phaedo. Phaedrus.--v. 2. Thaetetus. Sophist.--v. 3. The statesman. Philebus. --v. 4. Laches. Protagoras. Meno. Euthydemus.--v. 5. Lysis. Symposium. Gorgias.--v. 6. Cratylus. Parmenides. Greater Hippias. Lesser Hippias.--v. 7. Timaeus. Critias. Cleitophon. Menexenus. Epistles.--v. 8. Charmenides. Alcibiades I & II. Hipparchus. The lovers. The ages. Minos. Epinomis.--v. 9. Laws, Bks, I-VI.--v. 10. Laws, Bks. VII-XII.--v. 11. Republic, Bks. I-V.--v. 12. Republic, Bks. VI-X. aPhilosophyxAncient.  aFowler, Harold North,  a Lamb, W R M